All Teams EURO 2024 Squad - Statistics

General Stats
  • This quiz has been taken 304 times
  • The average score is 139 of 646
Answer Stats
Hint Answer % Correct
12 José Sá
83%
7 Cristiano Ronaldo
78%
10 Kylian Mbappé
78%
10 Luka Modric
78%
9 Harry Kane
76%
7 Kevin De Bruyne
76%
9 Robert Lewandowski
74%
1 Jordan Pickford
73%
1 Manuel Neuer
73%
10 Romelu Lukaku
73%
23 Unai Simón
69%
4 Virgil van Dijk
69%
10 Jude Bellingham
68%
11 Phil Foden
68%
10 Jamal Musiala
67%
8 Bruno Fernandes
64%
7 Antoine Griezmann
63%
7 Bukayo Saka
63%
17 Florian Wirtz
63%
8 Toni Kroos
63%
2 Kyle Walker
62%
19 Lamine Yamal
62%
16 Mike Maignan
62%
10 Christian Eriksen
61%
5 John Stones
61%
10 Bernardo Silva
60%
10 Memphis Depay
60%
4 Declan Rice
59%
1 Gianluigi Donnarumma
59%
14 Ivan Perisic
59%
8 Aurélien Tchouaméni
58%
25 Emre Can
58%
7 Kai Havertz
58%
7 Khvicha Kvaratskhelia
58%
15 Micky van de Ven
58%
20 Pedri
58%
22 Theo Hernández
58%
2 Antonio Rüdiger
57%
1 Jan Oblak
57%
1 Kasper Schmeichel
57%
13 N'Golo Kanté
57%
3 Pepe
57%
4 Rúben Dias
57%
20 Dennis Man
56%
21 İlkay Gündoğan
55%
5 Nathan Aké
55%
7 Álvaro Morata
54%
3 Andrew Robertson
54%
24 António Silva
54%
1 Dominik Livakovic
54%
6 Eduardo Camavinga
54%
9 Olivier Giroud
54%
11 Ousmane Dembélé
54%
8 Trent Alexander-Arnold
54%
2 Benjamin Pavard
53%
22 Denzel Dumfries
53%
10 Granit Xhaka
53%
5 Jan Vertonghen
53%
22 Jérémy Doku
53%
4 Josko Gvardiol
53%
3 Luke Shaw
53%
22 Marc-André ter Stegen
53%
9 Marcel Sabitzer
53%
16 Rodri
53%
1 Rui Patrício
53%
7 Xavi Simons
53%
11 Cody Gakpo
52%
24 Cole Palmer
52%
20 Sergej Milinković-Savić
52%
23 Vanja Milinković-Savić
52%
4 Jonathan Tah
51%
6 Joshua Kimmich
51%
1 Koen Casteels
51%
3 Matthijs de Ligt
51%
17 William Saliba
51%
9 Aleksandar Mitrovic
50%
1 Bart Verbruggen
50%
8 Mateo Kovacic
50%
9 Niclas Füllkrug
50%
1 Yann Sommer
50%
8 Arda Güler
49%
2 Daniel Carvajal
49%
10 Dominik Szoboszlai
49%
5 Jules Koundé
49%
17 Nico Williams
49%
19 Ollie Watkins
49%
4 Scott McTominay
49%
13 Thomas Müller
49%
7 Dušan Vlahović
48%
6 Marc Guéhi
48%
7 Marko Arnautovic
48%
18 Nicolò Barella
48%
10 Patrik Schick
48%
9 Rasmus Højlund
48%
6 Andreas Christensen
47%
22 Diogo Costa
47%
12 Kieran Trippier
47%
19 Leroy Sané
47%
25 Rasmus Kristensen
47%
1 Wojciech Szczęsny
47%
4 Dayot Upamecano
46%
25 Giorgi Mamardashvili
46%
12 Jeremie Frimpong
46%
19 Nuno Mendes
46%
17 Rafael Leão
46%
6 Stefan de Vrij
46%
22 Tomas Soucek
46%
13 Aaron Ramsdale
45%
10 Dani Olmo
45%
9 Gonçalo Ramos
45%
20 João Cancelo
45%
11 Marcelo Brozovic
44%
14 Adrien Rabiot
43%
9 Andrej Kramaric
43%
11 Benjamin Sesko
43%
1 David Raya
43%
23 Dean Henderson
43%
24 Ibrahima Konaté
43%
15 João Neves
43%
24 Marc Cucurella
43%
18 Rúben Neves
43%
9 Wout Weghorst
43%
23 Xherdan Shaqiri
43%
23 Alessandro Bastoni
42%
14 Federico Chiesa
42%
11 João Félix
42%
20 Kingsley Coman
42%
23 Mark Flekken
42%
1 Péter Gulácsi
42%
17 Florinel Coman
41%
10 Mykhaylo Mudryk
41%
12 Randal Kolo Muani
41%
23 Alphonse Areola
40%
7 John McGinn
40%
10 Piotr Zieliński
40%
11 Armando Broja
39%
7 Breel Embolo
39%
1 Brice Samba
39%
21 Eberechi Eze
39%
21 Gregor Kobel
39%
18 Maximilian Mittelstädt
39%
14 Mikkel Damsgaard
39%
6 Axel Witsel
38%
26 Kobbie Mainoo
38%
20 Konrad Laimer
38%
5 Manuel Akanji
38%
9 Martin Ádám
38%
23 Vitinha
38%
25 Bradley Barcola
37%
16 Conor Gallagher
37%
6 Kieran Tierney
37%
15 Marcus Thuram
37%
23 Robert Andrich
37%
8 Youri Tielemans
37%
18 Donyell Malen
36%
8 Fabián Ruiz
36%
15 Nico Schlotterbeck
36%
5 Vladimír Coufal
36%
25 Adam Wharton
35%
3 David Raum
35%
17 Oleksandr Zinchenko
35%
2 Strahinja Pavlovic
35%
21 Domagoj Vida
34%
17 Ivan Toney
34%
12 Alejandro Grimaldo
33%
23 Andriy Lunin
33%
14 Aymeric Laporte
33%
21 Barış Alper Yılmaz
33%
10 Ché Adams
33%
19 Christoph Baumgartner
33%
19 Denis Drăguș
33%
9 Gianluca Scamacca
33%
2 Giovanni Di Lorenzo
33%
10 Ianis Hagi
33%
9 Leandro Trossard
33%
21 Mikel Oyarzabal
33%
3 Radu Drăgușin
33%
5 Riccardo Calafiori
33%
3 Robin Le Normand
33%
14 Jakub Kiwior
32%
20 Loïs Openda
32%
13 Matz Sels
32%
14 Milan Skriniar
32%
4 Nikola Milenković
32%
4 Simon Kjær
32%
19 Youssouf Fofana
32%
9 Adam Hlozek
31%
1 Angus Gunn
31%
8 Callum McGregor
31%
26 Deniz Undav
31%
3 Ferland Mendy
31%
10 Hakan Çalhanoğlu
31%
4 Nacho Fernández
31%
26 Ryan Gravenberch
31%
6 Willi Orbán
31%
11 Artem Dovbyk
30%
22 Fabian Schär
30%
8 Luka Jović
30%
2 Nélson Semedo
30%
23 Pierre-Emile Højbjerg
30%
14 Tijjani Reijnders
30%
14 Ezri Konsa
29%
3 Federico Dimarco
29%
22 Georges Mikautadze
29%
8 Jorginho
29%
16 Matheus Nunes
29%
12 Oliver Baumann
29%
24 Robin Koch
29%
16 Waldemar Anton
29%
4 Adrian Rus
28%
11 Chris Führich
28%
15 Christian Nørgaard
28%
4 Elseid Hysaj
28%
11 Filip Kostić
28%
8 Georginio Wijnaldum
28%
20 Jarrod Bowen
28%
5 Joakim Maehle
28%
22 Joe Gomez
28%
21 Jonathan Clauss
28%
2 Josip Stanisic
28%
19 Kenan Yıldız
28%
4 Kevin Danso
28%
7 Lovro Majer
28%
13 Ricardo Rodríguez
28%
15 Thomas Meunier
28%
23 Thomas Strakosha
28%
18 Anthony Gordon
27%
25 Fermín López
27%
11 Ferran Torres
27%
12 Guglielmo Vicario
27%
6 Mikel Merino
27%
4 Wout Faes
27%
11 Yannick Carrasco
27%
7 Andriy Yarmolenko
26%
21 Nicola Zalewski
26%
5 Stefan Posch
26%
17 Daley Blind
25%
21 Diogo Jota
25%
1 Etrit Berisha
25%
22 Jesús Navas
25%
16 Joey Veerman
25%
19 Johan Bakayoko
25%
16 Medon Berisha
25%
21 Morten Hjulmand
25%
4 Attila Szalai
24%
17 Damian Szymanski
24%
5 Diogo Dalot
24%
18 Martín Zubimendi
24%
5 Pascal Groß
24%
20 Sebastian Szymanski
24%
24 Amadou Onana
23%
16 Ante Budimir
23%
19 Barnabás Varga
23%
13 Danilo Pereira
23%
19 Dan Ndoye
23%
26 Francisco Conceição
23%
24 Jerdy Schouten
23%
6 João Palhinha
23%
9 Joselu
23%
1 Martin Dubravka
23%
2 Maximilian Wöber
23%
11 Michael Gregoritsch
23%
20 Michel Aebischer
23%
13 Patrick Pentz
23%
12 Anatoliy Trubin
22%
10 Dusan Tadic
22%
20 Ian Maatsen
22%
12 Kasper Dolberg
22%
14 Maximilian Beier
22%
1 Predrag Rajkovic
22%
20 Roland Sallai
22%
12 Thomas Kaminski
22%
16 Vitaliy Mykolenko
22%
20 Yussuf Poulsen
22%
2 Zeno Debast
22%
23 Arthur Vermeeren
21%
17 Bruno Petkovic
21%
10 Florian Grillitsch
21%
3 Jannik Vestergaard
21%
2 Lutsharel Geertruida
21%
24 Marco Pasalic
21%
15 Mario Pasalic
21%
11 Milos Kerkez
21%
21 Nicolae Stanciu
21%
6 Nicolas Seiwald
21%
13 Álex Remiro
20%
19 Jonas Wind
20%
19 Mateo Retegui
20%
7 Mathias Jensen
20%
8 Thomas Delaney
20%
21 Timothy Castagne
20%
18 Warren Zaïre-Emery
20%
12 Altay Bayındır
19%
20 Benjamin Henrichs
19%
7 Davide Frattesi
19%
2 Joachim Andersen
19%
8 Klaus Gjasula
19%
15 Lewis Dunk
19%
10 Lorenzo Pellegrini
19%
3 Merih Demiral
19%
18 Mert Müldür
19%
17 Rubén Vargas
19%
26 Ayoze Pérez
18%
19 Brian Brobbey
18%
14 Dodi Lukébakio
18%
8 Jakub Moder
18%
13 Justin Bijlow
18%
23 Krzysztof Piatek
18%
10 Nedim Bajrami
18%
21 Nicolò Fagioli
18%
8 Remo Freuler
18%
22 Saša Lukić
18%
25 Steven Bergwijn
18%
15 Viktor Tsygankov
18%
3 Arthur Theate
17%
16 David Hancko
17%
22 Frederik Rönnow
17%
14 Gonçalo Inácio
17%
22 Matthias Seidl
17%
13 Nikola Vlašić
17%
15 Philipp Lienhart
17%
16 Phillipp Mwene
17%
8 Alexander Prass
16%
5 Dani Vivian
16%
12 Djordje Petrovic
16%
17 Ivan Ilić
16%
26 Ivan Schranz
16%
21 Kristjan Asllani
16%
20 Mattia Zaccagni
16%
4 Nico Elvedi
16%
18 Orel Mangala
16%
25 Pedro Neto
16%
4 Alessandro Buongiorno
15%
6 Berat Djimsiti
15%
26 Arbër Hoxha
14%
19 Borna Sosa
14%
20 Ferdi Kadıoğlu
14%
3 Gernot Trauner
14%
11 Giorgi Kvilitaia
14%
1 Heinz Lindner
14%
2 Iván Balliu
14%
5 Jon Gorenc Stankovic
14%
1 Mert Günok
14%
17 Otar Kiteishvili
14%
22 Stanislav Lobotka
14%
17 Victor Kristiansen
14%
2 Yukhym Konoplya
14%
2 Zeki Çelik
14%
16 Adam Buksa
13%
26 Adrian Șut
13%
15 Álex Baena
13%
26 Alex Meret
13%
24 Andreas Weimann
13%
17 Charles De Ketelaere
13%
26 Jacob Bruun Larsen
13%
5 Jan Bednarek
13%
21 Joshua Zirkzee
13%
22 Josip Juranovic
13%
6 Josip Sutalo
13%
7 Kerem Aktürkoğlu
13%
14 Leopold Querfeld
13%
3 Mario Mitaj
13%
13 Matteo Darmian
13%
8 Ondrej Duda
13%
20 Petar Stojanović
13%
14 Qazim Laci
13%
11 Ryan Christie
13%
23 Vitezslav Jaros
13%
11 Giacomo Raspadori
12%
13 Ilya Zabarnyi
12%
9 Jasir Asani
12%
14 Luka Lochoshvili
12%
3 Marin Pongracic
12%
16 Matej Kovar
12%
6 Orkun Kökçü
12%
8 Sandi Lovric
12%
17 Stuart Armstrong
12%
2 Ádám Lang
11%
18 Alexander Bah
11%
13 András Schäfer
11%
9 Cenk Tosun
11%
17 Ernest Muci
11%
12 Niklas Hedl
11%
9 Noah Okafor
11%
23 Patrick Wimmer
11%
7 Rey Manaj
11%
26 Josip Ilicic
10%
18 Kwadwo Duah
10%
3 Silvan Widmer
10%
14 Billy Gilmour
9%
6 Denis Zakaria
9%
22 Kaan Ayhan
9%
25 Luka Sucic
9%
24 Marash Kumbulla
9%
2 Peter Pekarik
9%
15 Salih Özcan
9%
15 Vernon De Marco
9%
11 Andreas Skov Olsen
8%
14 Andrija Zivkovic
8%
5 Arlind Ajeti
8%
6 Federico Gatti
8%
17 Gianluca Mancini
8%
19 Juraj Kucka
8%
15 László Kleinheisler
8%
26 Marco Grüll
8%
12 Marek Rodak
8%
6 Marius Marin
8%
20 Marko Pjaca
8%
25 Maxim De Cuyper
8%
19 Mirlind Daku
8%
6 Nemanja Gudelj
8%
19 Przemyslaw Frankowski
8%
18 Răzvan Marin
8%
18 Romano Schmid
8%
15 Ryan Porteous
8%
6 Taras Stepanenko
8%
23 Uğurcan Çakır
8%
20 Ylber Ramadani
8%
14 Darius Olaru
7%
7 Loïc Nego
7%
5 Martin Erlić
7%
22 Stephan El Shaarawy
7%
15 Taulant Seferi
7%
12 Yvon Mvogo
7%
8 Ádám Nagy
6%
9 Andraz Sporar
6%
16 Aster Vranckx
6%
13 Erik Janza
6%
1 Florin Niță
6%
6 Giorgi Kochorashvili
6%
5 Grant Hanley
6%
13 Jack Hendry
6%
3 Lasha Dvali
6%
11 Laszlo Benes
6%
18 Luka Ivanusec
6%
26 Martin Baturina
6%
12 Nediljko Labrovic
6%
11 Renato Steffen
6%
18 Zsolt Nagy
6%
2 Andrei Rațiu
5%
7 Antonín Barák
5%
8 Budu Zivzivadze
5%
12 Elhan Kastrati
5%
10 Giorgi Chakvetadze
5%
23 Ivica Ivusic
5%
11 Jan Kuchta
5%
12 Lukasz Skorupski
5%
24 Márton Dárdai
5%
13 Milos Veljkovic
5%
5 Nemanja Maksimovic
5%
20 Ryan Jack
5%
4 Samet Akaydin
5%
21 Zander Clark
5%
2 Anthony Ralston
4%
24 Ardon Jashari
4%
2 Bartosz Salamon
4%
16 Bryan Cristante
4%
13 Enea Mihaj
4%
25 Filip Mladenovic
4%
9 George Pușcaș
4%
24 Greg Taylor
4%
16 İsmail Yüksek
4%
6 Jakub Piotrowski
4%
9 Lawrence Shankland
4%
16 Mads Hermansen
4%
22 Marcin Bulka
4%
21 Mijat Gacinovic
4%
25 Naser Aliji
4%
4 Robin Hranac
4%
8 Ruslan Malinovskyi
4%
14 Steven Zuber
4%
22 Amir Abrashi
3%
24 Andrea Cambiaso
3%
18 Ardian Ismajli
3%
5 Attila Fiola
3%
24 Bartosz Slisz
3%
14 Bendegúz Bolla
3%
3 Botond Balogh
3%
23 David Brekalo
3%
2 David Zima
3%
12 Dénes Dibusz
3%
7 Denis Alibec
3%
3 Denis Vavro
3%
17 Florian Kainz
3%
26 Gabriel Sigua
3%
14 Georgiy Sudakov
3%
1 Giorgi Loria
3%
4 Guram Kashia
3%
12 Horațiu Moldovan
3%
17 İrfan Can Kahveci
3%
6 Jaka Bijol
3%
25 James Forrest
3%
1 Jindrich Stanek
3%
26 Kacper Urbanski
3%
11 Kamil Grosicki
3%
7 Karol Świderski
3%
18 Ladislav Krejci
3%
19 Lazar Samardžić
3%
2 Leonidas Stergiou
3%
19 Levan Shengelia
3%
18 Lewis Morgan
3%
17 Lukas Haraslin
3%
14 Lukas Provod
3%
26 Mihály Kata
3%
19 Mykola Shaparenko
3%
3 Nemanja Stojic
3%
11 Nicușor Bancu
3%
2 Otar Kakabadze
3%
3 Paweł Dawidowicz
3%
18 Petar Ratkov
3%
9 Roman Yaremchuk
3%
26 Scott McKenna
3%
24 Semih Kılıçsoy
3%
15 Srdjan Babic
3%
16 Srdjan Mijailovic
3%
10 Timi Max Elsnik
3%
3 Tomas Holes
3%
15 Tomi Horvat
3%
15 Tymoteusz Puchacz
3%
24 Uros Spajic
3%
13 Valentin Mihăilă
3%
26 Veljko Birmancevic
3%
25 Yunus Akgün
3%
11 Yusuf Yazıcı
3%
13 Zanka
3%
2 Zan Karnicnik
3%
9 Zuriko Davitashvili
3%
14 Abdülkerim Bardakcı
2%
22 Adam Gnezda Cerin
2%
8 Alexandru Cicâldău
2%
24 Anders Dreyer
2%
15 Andrei Burcă
2%
20 Anzor Mekvabishvili
2%
18 Bartosz Bereszyński
2%
7 Benjamin Verbic
2%
26 Bertuğ Yıldırım
2%
23 Deian Sorescu
2%
21 Endre Botka
2%
21 Flavius Daniliuc
2%
13 Giorgi Gocholeishvili
2%
15 Giorgi Gvelesiani
2%
5 Ionuț Nedelcearu
2%
17 Jan Mlakar
2%
23 Kenny McLean
2%
24 Leo Sauer
2%
16 Liam Cooper
2%
12 Luka Gugeshashvili
2%
21 Matus Bero
2%
25 Maximilian Entrup
2%
25 Michael Folorunsho
2%
4 Miha Blazic
2%
16 Nika Kvekveskiri
2%
5 Okay Yokuşlu
2%
22 Péter Szappanos
2%
9 Robert Bozenik
2%
22 Ross McCrorie
2%
23 Saba Lobjanidze
2%
18 Sandro Altunashvili
2%
5 Solomon Kvirkvelia
2%
13 Taras Romanczuk
2%
7 Tomas Suslov
2%
17 Vaclav Cerny
2%
21 Vanja Drkusic
2%
22 Vasile Mogoș
2%
16 Vincent Sierro
2%
19 Zan Celar
2%
18 Zan Vipotnik
2%
25 Zeki Amdouni
2%
4 Adam Obert
1%
25 Adrian Zeljkovic
1%
13 Ahmetcan Kaplan
1%
24 Bogdan Racovițan
1%
17 Callum Styles
1%
15 Cédric Zesiger
1%
25 Daniel Bîrligea
1%
16 Dániel Gazdag
1%
12 David Doudera
1%
20 David Duris
1%
15 David Jurásek
1%
18 David Strelec
1%
26 Fabian Rieder
1%
21 Georgiy Tsitaishvili
1%
23 Henrich Ravas
1%
16 Igor Vekic
1%
14 Jasmin Kurtic
1%
24 Jemal Tabidze
1%
3 Jure Balkovec
1%
23 Kevin Csoboth
1%
25 Krisztofer Horváth
1%
12 Liam Kelly
1%
10 Lubomir Tupta
1%
21 Lukas Cerv
1%
6 Martin Vitík
1%
26 Matej Jurasek
1%
25 Michal Skoras
1%
13 Mojmír Chytil
1%
22 Mykola Matvienko
1%
24 Nino Zugelj
1%
6 Norbert Gyomber
1%
20 Ondrej Lingr
1%
13 Patrik Hrosovsky
1%
25 Pavel Sulc
1%
8 Petr Sevcik
1%
# Portugal
1%
15 Raoul Bellanova
1%
25 Sebastian Kosa
1%
4 Sebastian Walukiewicz
1%
5 Sergiy Sydorchuk
1%
16 Ștefan Târnovanu
1%
19 Tomas Chory
1%
5 Tomas Rigo
1%
24 Tomas Vlcek
1%
19 Tommy Conway
1%
21 Valeriy Bondar
1%
12 Vid Belec
1%
# Albania
0%
# Austria
0%
# Belgium
0%
26 Bogdan Mykhaylichenko
0%
# Croatia
0%
# Czech Republic
0%
# Denmark
0%
# England
0%
# France
0%
# Georgia
0%
1 Georgiy Bushchan
0%
# Germany
0%
# Hungary
0%
# Italy
0%
4 Maksym Taloverov
0%
# Netherlands
0%
3 Oleksandr Svatok
0%
24 Oleksandr Tymchyk
0%
20 Oleksandr Zubkov
0%
# Poland
0%
# Romania
0%
# Scotland
0%
# Serbia
0%
# Slovakia
0%
# Slovenia
0%
# Spain
0%
# Switzerland
0%
# Türkiye
0%
# Ukraine
0%
25 Vladyslav Vanat
0%
18 Volodymyr Brazhko
0%
No matching quizzes found
Score Distribution
Percent of People with Each Score
Percentile by Number Answered
Your Score History
You have not taken this quiz